000
00258nam a22001217a 4500
008
170929b xxu||||| |||| 00| 0 eng d
041
_a
eng
080
_a
37
100
_a
47
101
_a
EDU
245
_a
EIANDER VERSTEHEN
_c
LOSCHMANN, M
942
_2
udc
_c
BK
999
_c
30623
_d
30623